| 000 | 00648cam a2200181 4500 | ||
|---|---|---|---|
| 001 | X107040 | ||
| 008 | 000000n2000 000 0 eng u | ||
| 035 | _a(Sirsi) u107040 | ||
| 245 | _aGoodes v East Sussex CC | ||
| 260 | _c2000 | ||
| 490 |
_aNew Property Cases _v[2000] NPC 65 (17/06/2000) |
||
| 520 | _aHL 15 June 2000. A highway authority has no duty under s41(1) of the Highways Act 1980 to keep a highway clear of ice. HEADNOTE FROM JOURNAL - NOT TO BE PHOTOCOPIED. | ||
| 650 | _aGOODES V EAST SUSSEX CC | ||
| 650 | _aHIGHWAYS ACT 1980 | ||
| 650 | _aHIGHWAY MAINTENANCE | ||
| 690 | _aTRANSPORT AND COMMUNICATIONS-CASE LAW | ||
| 942 | _n0 | ||
| 999 |
_c64008 _d64008 |
||